<La> théorie moderne du portefeuille
Guardado en:
| Autor principal: | |
|---|---|
| Otros Autores: | , |
| Formato: | Libro |
| Lenguaje: | francés |
| Publicado: |
Paris
Presses Universitaires de France
1998
|
| Colección: | Que sais - je ?
3451 |
| Materias: | |
| Etiquetas: |
Sin Etiquetas, Sea el primero en etiquetar este registro!
|
MARC
| LEADER | 00000nam$a2200000$$$4500 | ||
|---|---|---|---|
| 001 | 0115590 | ||
| 005 | 20240111125210.8 | ||
| 020 | |a 2-13-049768-3 | ||
| 041 | 0 | |a fre | |
| 044 | |a FR | ||
| 245 | 1 | 0 | |a <La> théorie moderne du portefeuille |c Florin Aftalion, Patrice Poncet, Roland Portait |
| 264 | 1 | |a Paris |b Presses Universitaires de France |c 1998 | |
| 300 | |a 127 s. | ||
| 490 | 1 | |a Que sais - je ? |v 3451 | |
| 830 | 0 | |a Que sais - je ? |v 3451 | |
| 610 | 2 | 0 | |a papiere cenné |
| 610 | 2 | 0 | |a ceniny |
| 610 | 2 | 0 | |a portfólio |
| 610 | 2 | 0 | |a teória finančná |
| 610 | 2 | 0 | |a teória portfólia |
| 100 | 1 | |a Aftalion, Florin | |
| 700 | 1 | |a Poncet, Patrice | |
| 700 | 1 | |a Portait, Roland | |